Prasad ki kahaniyam / (Record no. 12137)
[ view plain ]
| 000 -LEADER | |
|---|---|
| fixed length control field | 00436cam a2200181ua 4500 |
| 041 ## - LANGUAGE CODE | |
| Language code of text/sound track or separate title | hin |
| 082 ## - DEWEY DECIMAL CLASSIFICATION NUMBER | |
| Classification number | 891.43 |
| Item number | KED/PR |
| 100 ## - MAIN ENTRY--AUTHOR NAME | |
| Personal name | Kedarnath, Shukla . |
| 245 ## - TITLE STATEMENT | |
| Title | Prasad ki kahaniyam / |
| 250 ## - EDITION STATEMENT | |
| Edition statement | 1 / |
| 260 ## - PUBLICATION, DISTRIBUTION, ETC. (IMPRINT) | |
| Place of publication | Banaras : |
| Name of publisher | Saraswati Mandir , |
| Year of publication | 1950. |
| 300 ## - PHYSICAL DESCRIPTION | |
| Number of Pages | 213 ; . |
| 942 ## - ADDED ENTRY ELEMENTS (KOHA) | |
| Koha item type | Books |
| Withdrawn status | Lost status | Damaged status | Home library | Current library | Date acquired | Full call number | Accession Number | Koha item type |
|---|---|---|---|---|---|---|---|---|
| Withdrawn | KAUAET | Sanskrit University | 07/04/2012 | 891.43 | 2788 | Books |
